000 00324nam a2200121Ia 4500
008 241028s9999 xx 000 0 und d
041 _aeng
082 _a658.4092 YAN
100 _aYan Li
245 _aExpatriate Managers Adaption And Knowledge Acquisition
260 _bSpringer
_aSingapore
_c2016
300 _a252;. P. 23 cm
999 _c42942
_d42942